[Event "Challenge"]
[Site "http://www.queenalice.com/game.php?id=322564"]
[Date "2007.12.19"]
[Round "-"]
[White "parbuster43"]
[Black "heavydluxe"]
[Result "0-1"]
[WhiteElo "1605"]
[BlackElo "1722"]

1. e4 e5 2. Nf3 Nf6 3. Nc3 Nc6 4. Bc4 Bc5 5. Qe2 O-O 6. O-O d6 7. Na4 Bd7 8.
Nxc5 dxc5 9. h3 a6 10. b3 b5 11. Bd5 Nxd5 12. exd5 Nd4 13. Nxd4 exd4 14. Bb2 Re8
15. Qd1 Qg5 16. Qf3 Qxd2 17. Qd1 Re2 18. Rc1 Bf5 19. a4 Bxc2 20. Qxc2 Qxc2 21.
Rxc2 Rxc2 22. Bc1 d3 0-1

[Event "Challenge"]
[Site "http://www.queenalice.com/game.php?id=329315"]
[Date "2008.1.1"]
[Round "-"]
[White "Viceroy"]
[Black "heavydluxe"]
[Result "1/2-1/2"]
[WhiteElo "1737"]
[BlackElo "1781"]

1. c4 Nf6 2. g3 e5 3. Bg2 d6 4. Nc3 Nbd7 5. e4 Be7 6. Nge2 O-O 7. O-O Nb6 8. b3
c5 9. d3 Be6 10. f4 h6 11. f5 Bd7 12. Be3 Ng4 13. Bd2 a6 14. h3 Nf6 15. g4 Nh7
16. Ng3 Bg5 17. Nce2 a5 18. Qc2 Bxd2 19. Qxd2 Qg5 20. Qxg5 Nxg5 21. h4 Nh7 22.
Kh2 Nf6 23. Bh3 1/2-1/2

[Event "Challenge"]
[Site "http://www.queenalice.com/game.php?id=333189"]
[Date "2008.1.8"]
[Round "-"]
[White "heavydluxe"]
[Black "CampbellMarcel"]
[Result "1-0"]
[WhiteElo "1748"]
[BlackElo "1855"]

1. d4 e6 2. c4 c5 3. d5 exd5 4. cxd5 d6 5. Nc3 Nf6 6. e4 Bg4 7. Be2 Bxe2 8.
Ngxe2 Qe7 9. Bf4 Nxe4 10. Qa4+ Nd7 11. Nxe4 a6 12. Nxd6+ Kd8 13. Nxb7+ Kc8 14.
Qc6# 1-0

[Event "Challenge"]
[Site "http://www.queenalice.com/game.php?id=333750"]
[Date "2008.1.9"]
[Round "-"]
[White "heavydluxe"]
[Black "iwanikow"]
[Result "1-0"]
[WhiteElo "1790"]
[BlackElo "1783"]

1. b4 e5 2. Bb2 d6 3. e3 Nf6 4. Nf3 Be7 5. Be2 O-O 6. O-O b6 7. Nc3 Bb7 8. d4
exd4 9. exd4 c5 10. Re1 cxd4 11. Nxd4 Nc6 12. Ba6 Bxa6 13. Nxc6 Qd7 14. Nxe7+
Kh8 15. Ncd5 Nxd5 16. Qxd5 Rae8 17. Bxg7+ Kxg7 18. Qg5+ Kh8 19. Qf6# 1-0

[Event "Challenge"]
[Site "http://www.queenalice.com/game.php?id=338614"]
[Date "2008.1.18"]
[Round "-"]
[White "heavydluxe"]
[Black "Nunes"]
[Result "0-1"]
[WhiteElo "1820"]
[BlackElo "1675"]

1. d4 d5 2. Nf3 Nc6 3. Bf4 Bg4 4. e3 e6 5. h3 Bh5 6. Nc3 Bb4 7. Qd2 h6 8. a3
Bxc3 9. Qxc3 Bxf3 10. gxf3 Nge7 11. O-O-O a6 12. Rg1 Ng6 13. Bd3 Nxf4 14. exf4
Qf6 15. f5 O-O-O 16. f4 exf5 17. Be2 Rhe8 18. Bf3 g6 19. Rge1 Rxe1 20. Rxe1 Qxd4
21. Qe3 Qxe3+ 22. Rxe3 g5 23. fxg5 hxg5 24. Bh5 f6 25. Bg6 f4 26. Bf5+ Kb8 27.
Re6 Rf8 28. f3 Nd4 0-1

[Event "Let's Play Chess!"]
[Site "http://www.queenalice.com/game.php?id=504868"]
[Date "2008.12.8"]
[Round "-"]
[White "Kingfish"]
[Black "heavydluxe"]
[Result "1-0"]
[WhiteElo "1898"]
[BlackElo "1788"]

1. e4 e5 2. Nf3 Nf6 3. d4 Nxe4 4. Nxe5 Ng5 5. Nc3 d6 6. Nf3 Be7 7. Bd3 Nc6 8.
O-O Bg4 9. Be2 O-O 10. Nxg5 Bxe2 11. Qxe2 Bxg5 12. Qg4 Re8 13. Bxg5 Ne7 14. Bf6
g6 15. Qg5 1-0

[Event "Let's Play Chess!"]
[Site "http://www.queenalice.com/game.php?id=504957"]
[Date "2008.12.9"]
[Round "-"]
[White "heavydluxe"]
[Black "filomenos"]
[Result "0-1"]
[WhiteElo "1771"]
[BlackElo "1826"]

1. d4 d5 2. Nf3 g6 3. Nc3 Bg7 4. g3 Nf6 5. Bg2 Nc6 6. Be3 Bf5 7. O-O O-O 8. Ne5
Nxe5 9. dxe5 Nd7 10. Bxd5 c6 11. Bb3 Nxe5 12. Qd4 Nf3+ 0-1

[Event "AUTO-OPEN-1361"]
[Site "http://www.queenalice.com/game.php?id=504966"]
[Date "2008.12.9"]
[Round "1"]
[White "heavydluxe"]
[Black "jazp"]
[Result "0-1"]
[WhiteElo "1702"]
[BlackElo "2175"]

1. Nf3 Nf6 2. g3 b6 3. Nc3 Bb7 4. Bg2 e6 5. d4 Be7 6. O-O O-O 7. Be3 c5 8. Qd2
Nc6 9. a3 d5 10. Rfd1 Rc8 0-1